00365pab a2200133 454500008004000000100002500040245007400065260000900139300001200148362001200160650002500172650001600197773001800213180718b2001 xxu||||| |||| 00| 0 eng d aAkimov, Alexander V. aRussia's agricultural strategy: need for institutional transformation c2001 ap.74-91 aJul-Sep aAgriculture - Russia aAgriculture aWorld Affairs